[Event "CAN-ch University"]
[Site "London"]
[Date "2017.01.15"]
[Round "4"]
[White "Leu, Richard"]
[Black "Qian, Owen"]
[Result "1-0"]
[WhiteElo "2083"]
[BlackElo "2181"]
[PlyCount "61"]
[EventDate "2017.01.14"]
[EventType "swiss"]
[EventRounds "5"]
[EventCountry "CAN"]
[SourceTitle "EXT 2022"]
[Source "ChessBase"]
[SourceDate "2021.10.06"]
[SourceVersion "1"]
[SourceVersionDate "2021.10.06"]
[SourceQuality "1"]

1. d4 Nf6 2. c4 e6 3. Nc3 Bb4 4. Qc2 0-0 5. a3 Bxc3+ 6. Qxc3 d5 7. f3 c5 8. cxd5 cxd4 9. Qxd4 Nc6 10. Qd1 exd5 11. e3 d4 12. e4 Nxe4 13. fxe4 Qh4+ 14. Kd2 Qf4+ 15. Ke2 Qxe4+ 16. Kf2 Bf5 17. Nf3 Rfe8 18. Bb5 Bg4 19. Bd3 Qd5 20. h3 Bh5 21. g4 Bg6 22. Bf4 Re3 23. Bxg6 fxg6 24. Bxe3 dxe3+ 25. Kg3 Qe4 26. Re1 Kh8 27. Qe2 Re8 28. Rac1 h5 29. Rc3 h4+ 30. Nxh4 g5 31. Nf3 1-0

[Event "CAN-ch University"]
[Site "London"]
[Date "2017.01.14"]
[Round "1"]
[White "Knox, Christopher"]
[Black "Leu, Richard"]
[Result "1-0"]
[WhiteElo "2312"]
[BlackElo "2083"]
[PlyCount "83"]
[EventDate "2017.01.14"]
[EventType "swiss"]
[EventRounds "5"]
[EventCountry "CAN"]
[SourceTitle "EXT 2022"]
[Source "ChessBase"]
[SourceDate "2021.10.06"]
[SourceVersion "1"]
[SourceVersionDate "2021.10.06"]
[SourceQuality "1"]

1. d4 Nf6 2. c4 e6 3. Nc3 Bb4 4. e3 0-0 5. Bd3 b6 6. Nge2 Bb7 7. 0-0 d6 8. f4 Nbd7 9. e4 Ne8 10. Nb1 d5 11. cxd5 exd5 12. e5 f5 13. a3 Be7 14. g4 fxg4 15. Ng3 Bc8 16. Nc3 Nb8 17. Qc2 h6 18. Nxd5 c6 19. Nxe7+ Qxe7 20. Bc4+ Be6 21. f5 Bxc4 22. Qxc4+ Qf7 23. Qxf7+ Rxf7 24. Rf4 Nc7 25. Rxg4 Kh8 26. Bd2 Nba6 27. Rf1 Re8 28. e6 Nxe6 29. fxe6 Rxf1+ 30. Kxf1 Rxe6 31. Bf4 Kh7 32. Be5 g5 33. h4 Rg6 34. Ne4 Kg8 35. hxg5 hxg5 36. Rxg5 Rxg5 37. Nxg5 Kf8 38. Ke2 Ke7 39. Kd3 Kd7 40. Kc4 Ke7 41. b4 b5+ 42. Kd3 1-0

[Event "CAN-ch U16"]
[Site "Richmond Hill"]
[Date "2011.07.06"]
[Round "3"]
[White "Leu, Richard"]
[Black "Zhang, David"]
[Result "0-1"]
[WhiteElo "2041"]
[BlackElo "2138"]
[PlyCount "76"]
[EventDate "2011.07.06"]
[EventType "swiss"]
[EventRounds "7"]
[EventCountry "CAN"]
[SourceTitle "EXT 2022"]
[Source "ChessBase"]
[SourceDate "2021.10.06"]
[SourceVersion "1"]
[SourceVersionDate "2021.10.06"]
[SourceQuality "1"]

1. d4 Nf6 2. c4 g6 3. Nf3 Bg7 4. Nc3 d5 5. Bf4 0-0 6. e3 b6 7. Rc1 c6 8. Bd3 Nh5 9. Bg5 Bb7 10. 0-0 h6 11. Bh4 dxc4 12. Bxc4 Nd7 13. Qc2 g5 14. Bg3 Nxg3 15. fxg3 e6 16. g4 Qe7 17. Rcd1 Rfd8 18. e4 b5 19. Bd3 c5 20. Bxb5 cxd4 21. Nxd4 Nf6 22. Nb3 Nxg4 23. Qe2 Ne5 24. Ba6 Bc6 25. Bb5 Bb7 26. Ba6 Bc6 27. Bb5 Rac8 28. Rxd8+ Rxd8 29. Rd1 Rxd1+ 30. Nxd1 Ba8 31. Nc3 Qc7 32. h3 Ng6 33. Qe3 Be5 34. Nd4 Qb6 35. Nc2 Qb7 36. Nd4 a6 37. Bf1 Qxb2 38. Bxa6 Qb6 0-1

[Event "CAN-ch Amateur U2100"]
[Site "Kitchener"]
[Date "2010.07.31"]
[Round "2"]
[White "Knechtel, Tim E"]
[Black "Leu, Richard"]
[Result "0-1"]
[WhiteElo "1761"]
[BlackElo "2005"]
[PlyCount "68"]
[EventDate "2010.07.30"]
[EventType "swiss"]
[EventRounds "7"]
[EventCountry "CAN"]
[SourceTitle "EXT 2022"]
[Source "ChessBase"]
[SourceDate "2021.10.06"]
[SourceVersion "1"]
[SourceVersionDate "2021.10.06"]
[SourceQuality "1"]

1. d3 d5 2. Nf3 c5 3. Nbd2 Nc6 4. e4 g6 5. c3 Bg7 6. Be2 e5 7. 0-0 Nge7 8. Re1 0-0 9. h3 b6 10. Qc2 h6 11. Nf1 Be6 12. Bd2 Qd7 13. Qc1 Kh7 14. N3h2 f5 15. exf5 gxf5 16. f4 e4 17. dxe4 fxe4 18. g4 d4 19. f5 Bd5 20. Bf4 Nxf5 21. c4 Bg8 22. gxf5 Qxf5 23. Bg3 Qxh3 24. Bg4 Rxf1+ 25. Rxf1 Qxg3+ 26. Kh1 Kh8 27. Rg1 Qh4 28. Rg3 Qxg3 29. Qc2 Be5 30. Rg1 Qxh2+ 31. Qxh2 Bxh2 32. Kxh2 Ne5 33. b3 Nxg4+ 34. Rxg4 Re8 0-1

[Event "CAN-ch Amateur U2100"]
[Site "Kitchener"]
[Date "2010.07.31"]
[Round "4"]
[White "Siddeley, Hugh"]
[Black "Leu, Richard"]
[Result "1/2-1/2"]
[WhiteElo "2051"]
[BlackElo "2005"]
[PlyCount "96"]
[EventDate "2010.07.30"]
[EventType "swiss"]
[EventRounds "7"]
[EventCountry "CAN"]
[SourceTitle "EXT 2022"]
[Source "ChessBase"]
[SourceDate "2021.10.06"]
[SourceVersion "1"]
[SourceVersionDate "2021.10.06"]
[SourceQuality "1"]

1. e4 c5 2. Nf3 d6 3. d4 cxd4 4. Nxd4 Nf6 5. f3 a6 6. c4 e6 7. Nc3 Be7 8. Be2 Nbd7 9. 0-0 Qc7 10. Be3 b6 11. Qd2 Bb7 12. Rfd1 0-0 13. Kh1 Rac8 14. Rac1 Qb8 15. Bf1 Rfd8 16. Qf2 Ba8 17. a3 Ne5 18. Na4 Ned7 19. b4 Bf8 20. Nb3 Rc6 21. Rb1 Rdc8 22. Rd2 h6 23. b5 axb5 24. cxb5 R6c7 25. Nxb6 Nxb6 26. Bxb6 Rd7 27. a4 d5 28. e5 Qxe5 29. Bd4 Qh5 30. g4 Qg6 31. Bd3 Ne4 32. Qe3 e5 33. Bxe5 d4 34. Bxd4 Re8 35. fxe4 Rxe4 36. Bxe4 Bxe4+ 37. Kg1 Bxb1 38. h3 Bc2 39. Be5 Rxd2 40. Nxd2 Bxa4 41. b6 Qc6 42. Kh2 Bc5 43. Bd4 Qd6+ 44. Be5 Qxb6 45. Qc3 Bg1+ 46. Kh1 Bc6+ 47. Nf3 Bxf3+ 48. Qxf3 Bc5 1/2-1/2

[Event "CAN-ch U14"]
[Site "Windsor"]
[Date "2010.07.08"]
[Round "5"]
[White "Posaratnanathan, Juliaan"]
[Black "Leu, Richard"]
[Result "0-1"]
[WhiteElo "1768"]
[BlackElo "2036"]
[PlyCount "47"]
[EventDate "2010.07.06"]
[EventType "swiss"]
[EventRounds "7"]
[EventCountry "CAN"]
[SourceTitle "EXT 2012"]
[Source "ChessBase"]
[SourceDate "2011.11.24"]
[SourceVersion "1"]
[SourceVersionDate "2011.11.24"]
[SourceQuality "1"]

1. e4 c5 2. Nf3 d6 3. d4 cxd4 4. Nxd4 Nf6 5. Nc3 a6 6. Qf3 Qc7 7. Be3 e6 8. h3 Nbd7 9. g4 h6 10. Be2 b5 11. a3 Bb7 12. Qg2 Nc5 13. f3 d5 14. exd5 Nxd5 15. Nxd5 Bxd5 16. 0-0-0 Rc8 17. Kb1 Na4 18. Bd3 Nxb2 19. Kxb2 Qc3+ 20. Kb1 Bxa3 21. Bc1 Bxc1 22. Kxc1 Qa1+ 23. Kd2 Qxd4 24. Ke1 0-1

[Event "CAN-ch U14"]
[Site "Windsor"]
[Date "2010.07.08"]
[Round "6"]
[White "Sohal, Tanraj"]
[Black "Leu, Richard"]
[Result "1-0"]
[WhiteElo "2094"]
[BlackElo "2036"]
[PlyCount "105"]
[EventDate "2010.07.06"]
[EventType "swiss"]
[EventRounds "7"]
[EventCountry "CAN"]
[SourceTitle "EXT 2012"]
[Source "ChessBase"]
[SourceDate "2011.11.24"]
[SourceVersion "1"]
[SourceVersionDate "2011.11.24"]
[SourceQuality "1"]

1. d4 Nf6 2. c4 e6 3. Nf3 d5 4. g3 c6 5. Bg2 Bd6 6. Qc2 Nbd7 7. 0-0 0-0 8. Nbd2 Re8 9. e4 Nxe4 10. Nxe4 dxe4 11. Qxe4 c5 12. Be3 Qc7 13. b3 f5 14. Qd3 e5 15. dxe5 Nxe5 16. Nxe5 Bxe5 17. Rad1 Be6 18. Bd5 g6 19. Bxe6+ Rxe6 20. Qd5 Rae8 21. Qxc5 Qxc5 22. Bxc5 b6 23. Be3 Bd6 24. Rd5 f4 25. Bxf4 Bxf4 26. gxf4 Rf8 27. Rd7 a5 28. Rfd1 Rxf4 29. Rb7 h5 30. Rd8+ Rf8 31. Rxf8+ Kxf8 32. Ra7 Rc6 33. Ra6 Kf7 34. c5 Rxc5 35. Rxb6 a4 36. bxa4 Rc4 37. a5 Ra4 38. a6 Rxa2 39. Kg2 Ra3 40. f3 g5 41. Rb7+ Kg6 42. Ra7 Ra2+ 43. Kg1 h4 44. Ra8 Kg7 45. a7 h3 46. Kf1 Kh7 47. Ke1 Kg7 48. Kd1 Rxh2 49. Rg8+ Kxg8 50. a8Q+ Kh7 51. Qe4+ Kg8 52. Qg6+ Kh8 53. Qh6+ 1-0

[Event "CAN-ch U12"]
[Site "Quebec"]
[Date "2008.07.16"]
[Round "7"]
[White "Qin, Zi Yi"]
[Black "Leu, Richard"]
[Result "1/2-1/2"]
[WhiteElo "2194"]
[BlackElo "1962"]
[PlyCount "67"]
[EventDate "2008.07.14"]
[EventType "swiss"]
[EventRounds "7"]
[EventCountry "CAN"]
[SourceTitle "EXT 2011"]
[Source "ChessBase"]
[SourceDate "2010.11.26"]
[SourceVersion "1"]
[SourceVersionDate "2010.11.26"]
[SourceQuality "1"]

1. e4 c5 2. c3 d5 3. exd5 Qxd5 4. d4 Nf6 5. Nf3 Bg4 6. Be2 e6 7. h3 Bh5 8. 0-0 Nc6 9. c4 Qd8 10. dxc5 Qxd1 11. Rxd1 Bxc5 12. Nc3 Ke7 13. Bg5 h6 14. Bxf6+ gxf6 15. Ne4 Bxf3 16. Bxf3 Bd4 17. Ng3 Be5 18. Bxc6 bxc6 19. Rab1 Rab8 20. b3 f5 21. Ne2 Rhd8 22. f4 Bf6 23. Kf2 h5 24. Ke3 c5 25. Rbc1 h4 26. Nc3 Bd4+ 27. Ke2 Rg8 28. Kf1 a6 29. Rc2 Rbd8 30. a3 Kf6 31. Rd3 Rb8 32. Ne2 a5 33. Nxd4 cxd4 34. Rb2 1/2-1/2

[Event "CAN-ch U12"]
[Site "Quebec"]
[Date "2008.07.14"]
[Round "1"]
[White "Leu, Richard"]
[Black "Kaufman, Elliot"]
[Result "1-0"]
[WhiteElo "1962"]
[BlackElo "1412"]
[PlyCount "103"]
[EventDate "2008.07.14"]
[EventType "swiss"]
[EventRounds "7"]
[EventCountry "CAN"]
[SourceTitle "EXT 2011"]
[Source "ChessBase"]
[SourceDate "2010.11.26"]
[SourceVersion "1"]
[SourceVersionDate "2010.11.26"]
[SourceQuality "1"]

1. d4 d5 2. c4 e6 3. Nc3 Nf6 4. Bg5 Nbd7 5. e3 c6 6. Nf3 Qa5 7. Nd2 Bb4 8. Qc2 0-0 9. a3 Bxc3 10. Qxc3 Qxc3 11. bxc3 b6 12. Be2 c5 13. 0-0 Bb7 14. f3 Rfe8 15. f4 dxc4 16. Bxc4 Ne4 17. Nxe4 Bxe4 18. Bb5 f6 19. Bxd7 Re7 20. Bb5 fxg5 21. fxg5 a6 22. Be2 Bd5 23. c4 Bc6 24. Rfb1 Rb7 25. dxc5 bxc5 26. Rxb7 Bxb7 27. Rb1 Be4 28. Rb6 Kf7 29. Bf3 Bxf3 30. gxf3 Ke7 31. Rc6 Kd7 32. Rxc5 Rc8 33. Rxc8 Kxc8 34. Kf2 Kc7 35. Ke2 Kc6 36. Kd3 Kc5 37. f4 g6 38. h3 a5 39. h4 a4 40. Kc3 Kd6 41. Kd4 Kc6 42. e4 Kd6 43. c5+ Kc6 44. Kc4 e5 45. fxe5 h6 46. gxh6 g5 47. hxg5 Kd7 48. Kd5 Ke7 49. e6 Kf8 50. Kd6 Kg8 51. g6 Kf8 52. Kd7 1-0

[Event "Kitchener Winter op"]
[Site "Kitchener"]
[Date "2008.02.17"]
[Round "5"]
[White "Leu, Richard"]
[Black "Becker, Paul"]
[Result "1-0"]
[WhiteElo "1916"]
[BlackElo "2083"]
[PlyCount "59"]
[EventDate "2008.02.15"]
[EventType "swiss"]
[EventRounds "5"]
[EventCountry "CAN"]
[SourceTitle "EXT 2011"]
[Source "ChessBase"]
[SourceDate "2010.11.26"]
[SourceVersion "1"]
[SourceVersionDate "2010.11.26"]
[SourceQuality "1"]

1. d4 d5 2. c4 c6 3. Nc3 Nf6 4. e3 a6 5. Nf3 Bf5 6. Bd3 Bg6 7. 0-0 dxc4 8. Bxc4 b5 9. Bd3 e6 10. Bxg6 hxg6 11. Ne5 Bd6 12. f4 Qb6 13. Qf3 Ra7 14. Ne4 Nxe4 15. Qxe4 Bxe5 16. fxe5 Rd7 17. b4 Qd8 18. Bb2 Qe7 19. a3 g5 20. g3 0-0 21. g4 Rc8 22. Rf3 Rdd8 23. Rc1 Qb7 24. Kg2 Nd7 25. Rh1 g6 26. h4 Kg7 27. hxg5 Rh8 28. Qf4 Rcf8 29. Rxh8 Kxh8 30. Qh2+ 1-0

[Event "Kitchener Winter op"]
[Site "Kitchener"]
[Date "2008.02.16"]
[Round "3"]
[White "Filipovich, David"]
[Black "Leu, Richard"]
[Result "1/2-1/2"]
[WhiteElo "2255"]
[BlackElo "1916"]
[PlyCount "51"]
[EventDate "2008.02.15"]
[EventType "swiss"]
[EventRounds "5"]
[EventCountry "CAN"]
[SourceTitle "EXT 2011"]
[Source "ChessBase"]
[SourceDate "2010.11.26"]
[SourceVersion "1"]
[SourceVersionDate "2010.11.26"]
[SourceQuality "1"]

1. Nf3 d5 2. g3 g6 3. Bg2 Bg7 4. d4 e6 5. 0-0 Ne7 6. c4 c6 7. Qc2 Nd7 8. Nbd2 Nf5 9. e3 b6 10. b3 0-0 11. Bb2 Bb7 12. e4 dxe4 13. Nxe4 c5 14. Rad1 Qc7 15. d5 e5 16. Rfe1 Rfe8 17. Bc1 h5 18. h4 a6 19. Bh3 Nd6 20. Nxd6 Qxd6 21. Bxd7 Qxd7 22. Bb2 Qd6 23. Re3 Re7 24. Rde1 Rae8 25. Qc3 f6 26. Nd2 1/2-1/2

[Event "Kitchener Winter op"]
[Site "Kitchener"]
[Date "2008.02.16"]
[Round "2"]
[White "Leu, Richard"]
[Black "Sambuev, Bator"]
[Result "0-1"]
[WhiteElo "1916"]
[BlackElo "2530"]
[PlyCount "56"]
[EventDate "2008.02.15"]
[EventType "swiss"]
[EventRounds "5"]
[EventCountry "CAN"]
[SourceTitle "EXT 2011"]
[Source "ChessBase"]
[SourceDate "2010.11.26"]
[SourceVersion "1"]
[SourceVersionDate "2010.11.26"]
[SourceQuality "1"]

1. d4 e6 2. c4 Nf6 3. Nc3 Bb4 4. Qc2 c5 5. dxc5 0-0 6. Nf3 Na6 7. e3 Nxc5 8. Be2 Nfe4 9. Bd2 Nxd2 10. Nxd2 b6 11. Bf3 Bb7 12. Bxb7 Nxb7 13. a3 Bxc3 14. Qxc3 d5 15. Rc1 Rc8 16. Qd3 Nc5 17. Qb1 dxc4 18. Rxc4 Qd5 19. Rh4 f5 20. Nf3 Ne4 21. Nd4 e5 22. Nf3 Qc4 23. Rxe4 fxe4 24. Nd2 Qd3 25. Rf1 Rc2 26. Qd1 Rd8 27. Rh1 Rxd2 28. Qc1 Qe2# 0-1

[Event "CAN-ch U12"]
[Site "Ottawa"]
[Date "2007.07.06"]
[Round "7"]
[White "Cheng, Jack"]
[Black "Leu, Richard"]
[Result "1/2-1/2"]
[WhiteElo "1843"]
[BlackElo "1824"]
[PlyCount "122"]
[EventDate "2007.07.03"]
[EventType "swiss"]
[EventRounds "7"]
[EventCountry "CAN"]
[SourceTitle "EXT 2022"]
[Source "ChessBase"]
[SourceDate "2021.10.06"]
[SourceVersion "1"]
[SourceVersionDate "2021.10.06"]
[SourceQuality "1"]

1. e4 c5 2. Nf3 e6 3. d4 cxd4 4. Nxd4 a6 5. Nc3 Qc7 6. Be2 Nf6 7. 0-0 d6 8. Be3 Nc6 9. a4 b6 10. f4 Be7 11. Bf3 Bb7 12. Nb3 Rd8 13. Qe1 0-0 14. Qf2 Nd7 15. Rad1 Rb8 16. Rfe1 Ba8 17. Nd4 Rfe8 18. f5 Bf6 19. fxe6 fxe6 20. Bg4 Nxd4 21. Bxd4 Ne5 22. Be2 Rf8 23. Qg3 Bb7 24. Qe3 Bc8 25. Rf1 h6 26. Qg3 Qe7 27. Bxe5 Bxe5 28. Rxf8+ Qxf8 29. Qd3 Qe7 30. g3 Bd7 31. b3 d5 32. Kg2 Qc5 33. Nxd5 Bc6 34. Nf4 Bxf4 35. gxf4 Qf5 36. Bf3 Qxf4 37. Qd6 Rf8 38. Qxf4 Rxf4 39. Kg3 g5 40. Rd6 Bxe4 41. Bxe4 Rxe4 42. Rxb6 Re3+ 43. Kf2 Rh3 44. Kg2 Rc3 45. Rxe6 Rxc2+ 46. Kg3 Rc3+ 47. Kg4 Rxb3 48. Rxa6 Rb4+ 49. Kg3 Rb3+ 50. Kg2 Rb2+ 51. Kg3 Kg7 52. a5 Rb3+ 53. Kg2 Rb2+ 54. Kg3 Rb3+ 55. Kg4 Rb4+ 56. Kg3 Rb3+ 57. Kg2 Rb2+ 58. Kg3 Rb3+ 59. Kg2 Rb2+ 60. Kg3 Rb3+ 61. Kg4 Rb4+ 1/2-1/2

[Event "CAN-ch U12"]
[Site "Ottawa"]
[Date "2007.07.04"]
[Round "3"]
[White "Leu, Richard"]
[Black "Nunez Painchaud, Raphael"]
[Result "1-0"]
[WhiteElo "1824"]
[BlackElo "1468"]
[PlyCount "117"]
[EventDate "2007.07.03"]
[EventType "swiss"]
[EventRounds "7"]
[EventCountry "CAN"]
[SourceTitle "EXT 2022"]
[Source "ChessBase"]
[SourceDate "2021.10.06"]
[SourceVersion "1"]
[SourceVersionDate "2021.10.06"]
[SourceQuality "1"]

1. d4 Nf6 2. c4 e6 3. Nc3 Bb4 4. Qc2 b6 5. a3 Bxc3+ 6. Qxc3 Bb7 7. f3 d6 8. e4 c5 9. d5 e5 10. Be3 h6 11. Ne2 Nbd7 12. Ng3 g6 13. Qd2 Ng8 14. Bd3 Qe7 15. Rb1 Rc8 16. Ke2 Qf8 17. b4 Ne7 18. Rhc1 f5 19. Nf1 f4 20. Bf2 g5 21. Ke1 Ng6 22. Qe2 Qg7 23. Nd2 0-0 24. Nb3 Rb8 25. bxc5 Nxc5 26. Bxc5 bxc5 27. Na5 Qc7 28. Nxb7 Rxb7 29. Rxb7 Qxb7 30. Rb1 Qc7 31. Qb2 Rc8 32. Qb5 Kf7 33. a4 Rd8 34. a5 Nf8 35. Qa6 Rb8 36. Rb5 Nd7 37. Qc6 Qd8 38. Rxb8 Nxb8 39. Qb7+ Nd7 40. Qxa7 Ke7 41. Qa6 Qb8 42. Qb5 Kd8 43. Kd2 Kc8 44. Kc3 Qb7 45. Kb3 Kc7 46. Ka3 Nb8 47. Bc2 Na6 48. Ba4 Qxb5 49. cxb5 Nb4 50. Kb3 h5 51. b6+ Kb7 52. Be8 h4 53. Bd7 Ka6 54. Ka4 Kb7 55. Kb5 Kb8 56. a6 Nxa6 57. Kxa6 c4 58. Ba4 g4 59. h3 1-0

[Event "CAN-ch U10"]
[Site "Kitchener"]
[Date "2006.07.12"]
[Round "5"]
[White "Sohal, Tanraj"]
[Black "Leu, Richard"]
[Result "0-1"]
[WhiteElo "1483"]
[BlackElo "1483"]
[PlyCount "138"]
[EventDate "2006.07.10"]
[EventType "swiss"]
[EventRounds "7"]
[EventCountry "CAN"]
[SourceTitle "CBM 113 Extra"]
[Source "ChessBase"]
[SourceDate "2006.09.14"]
[SourceVersion "1"]
[SourceVersionDate "2006.09.14"]
[SourceQuality "1"]

1. e4 c5 2. Nf3 Nc6 3. d4 cxd4 4. Nxd4 e6 5. Nxc6 bxc6 6. Bf4 Nf6 7. Nc3 d5 8. exd5 cxd5 9. Nb5 Bc5 10. Bd3 Bb6 11. Nd6+ Kf8 12. Nxc8 Rxc8 13. 0-0 Bc7 14. Bxc7 Qxc7 15. Kh1 Rb8 16. b3 g6 17. f4 Kg7 18. Qf3 h5 19. Qe3 Nd7 20. Rae1 Qc5 21. Qxc5 Nxc5 22. Rf3 Rbc8 23. Re2 Rc7 24. h3 Rhc8 25. Rff2 Nxd3 26. cxd3 Rc1+ 27. Kh2 Kf6 28. g3 R8c3 29. Rd2 Re1 30. Rc2 Rc1 31. Rxc1 Rxc1 32. Kg2 Rd1 33. Rf3 Rd2+ 34. Rf2 Rxd3 35. Rc2 Rd4 36. Kf2 a5 37. Ke3 Re4+ 38. Kf3 a4 39. Rb2 axb3 40. axb3 Rb4 41. h4 Kf5 42. Ke3 Kg4 43. Kf2 f6 44. Re2 Kf5 45. Re3 e5 46. fxe5 fxe5 47. Rd3 d4 48. Rf3+ Ke6 49. Ke2 Rb6 50. Kd2 e4 51. Rf4 Ke5 52. Kc2 Rf6 53. Rxf6 Kxf6 54. b4 Ke6 55. Kb3 e3 56. Kc2 e2 57. Kd2 d3 58. b5 Kd6 59. Ke1 Kc5 60. Kd2 Kxb5 61. Ke1 Kc4 62. Kd2 Kd4 63. g4 hxg4 64. h5 g3 65. h6 g2 66. h7 e1Q+ 67. Kxe1 g1Q+ 68. Kd2 Qh2+ 69. Kc1 Qc2# 0-1